Σύντομος ιστορία της Ιεράς Μονής του Σινά

Αποθηκεύτηκε σε:
Λεπτομέρειες βιβλιογραφικής εγγραφής
Κύριος συγγραφέας: Άμαντος, Κωνσταντίνος Ι., 1874-1960
Μορφή: Βιβλίο
Γλώσσα:Greek
Δημοσίευση: Θεσσαλονίκη : Εταιρεία Μακεδονικών Σπουδών, 1953
Σειρά:Ελληνικά. Παράρτημα ; 3
Θέματα:
Ετικέτες: Προσθήκη ετικέτας
Δεν υπάρχουν, Καταχωρήστε ετικέτα πρώτοι!

MARC

LEADER 00000cam a2200000 i 4500
001 1/3867
008 000523s1953 gr | ||| |||| ||gre||
035 |l 10060951 
040 |a GR-MyUa  |b gre  |e AACR2 
041 0 |a gre 
082 7 |a 281.95694   |2 (22) 
100 1 |a Άμαντος, Κωνσταντίνος Ι.,   |d 1874-1960. 
245 1 0 |a Σύντομος ιστορία της Ιεράς Μονής του Σινά /  |c Κ. Αμάντου 
260 |a Θεσσαλονίκη :   |b Εταιρεία Μακεδονικών Σπουδών,   |c 1953 
300 |a η, 114 σ.;  |b εικ.;  |c 24 εκ. 
490 1 |a (Ελληνικά. Παράρτημα)  |v 3) 
504 |a Περιλαμβάνει βιβλιογραφία και ευρετήριο. 
610 2 0 |a Μονή Αγίας Αικατερίνης (Σινά) 
830 0 |a Ελληνικά.   |p Παράρτημα ;  |v 3 
852 |a INST  |b LESVOS  |e 20000523  |h 291.95694 ΑΜΑ  |p 005100020904  |q 005100020904  |t BK  |y 0 
901 |a BIBL1-2000-2 
970 |z 2000/05/ΔΕΜΕΝΑΓΑΣ (ELIDOC)